000 01106nam a2200313 i 4500
999 _c65319
_d65319
001 768714001
003 CO-MdFUSB
005 20200212124446.0
008 191119t2006 -us |||| |||| 00| 0 eng d
020 _a0687341612
040 _aCO-MdFUSB
_bspa
_cCO-MdFUSB
_dCO-MdFUSBC
_erda
041 _aeng
082 _223
_a251
_bW732c
100 _aWillimon, William H.
_eautor
245 _aConversations with Barth on preaching.
_c/ William H. Willimon.
264 1 _aEstados Unidos :
_bAbingdon Press,
_c[2006]
264 4 _c© 2006
300 _a324 páginas
_c; 23 cm
336 _2rdacontent
_atexto
_btxt
337 _2rdamedia
_asin mediación
_bn
338 _2rdacarrier
_avolumen
_bnc
505 _aBarth el predicador. -- Barth y la Biblia. -- Te daré palabras. -- Cómo decir lo que Dios dice - La palabra hace el mundo. -- Un Dios hablador. -- Heraldos de Dios. -- Predicación con problemas. -- Discurso de Pascua. -- Llamado predicar.
563 _aRústico.
650 0 _954
_aPredicación
653 _aHomilética
942 _cBK
945 _aJTF-925